Hadműveleti csapatmozgások

Elmentve itt :
Bibliográfiai részletek
Szerző: Schultheisz István
Dokumentumtípus: Cikk
Megjelent: 1947
Sorozat:Honvéd : katonai folyóirat 2 No. 2
Kulcsszavak:Világháború 2. könyvismertetés 1939-1940, Hadtörténet csapatmozgások 1939-1940
Online Access:http://misc.bibl.u-szeged.hu/3314
LEADER 00634nab a2200169 i 4500
001 misc3314
005 20191106141830.0
008 170607s1947 hu o 0|| hun d
040 |a SZTE Miscellanea Repozitórium  |b hun 
041 |a hun 
100 1 |a Schultheisz István 
245 1 0 |a Hadműveleti csapatmozgások  |h [elektronikus dokumentum] /  |c  Schultheisz István 
260 |c 1947 
300 |a 20-25 
490 0 |a Honvéd : katonai folyóirat  |v 2 No. 2 
695 |a Világháború 2. könyvismertetés 1939-1940, Hadtörténet csapatmozgások 1939-1940 
856 4 0 |u http://misc.bibl.u-szeged.hu/3314/1/honved_002_002_020-025.pdf  |z Dokumentum-elérés